河南各地市人均GDP排行 Per capita GDP ranking of cities in Henan - Statistics

General Stats
  • This quiz has been taken 52 times
  • The average score is 12 of 17
Answer Stats
排名 地市 人均GDP/元 % Correct
1 郑州 101169
100%
2 许昌 85515
91%
4 洛阳 80226
82%
17 周口 40951
77%
3 三门峡 82276
75%
5 漯河 76493
70%
6 鹤壁 70422
68%
16 商丘 42227
68%
13 南阳 47344
66%
10 开封 56075
64%
7 焦作 63434
61%
15 安阳 46350
61%
8 平顶山 57193
59%
9 新乡 56156
57%
14 驻马店 47136
57%
11 信阳 51752
52%
12 濮阳 50475
50%
No matching quizzes found
Score Distribution
Percent of People with Each Score
Percentile by Number Answered
Your Score History
You have not taken this quiz